V Arnike majú všetko : Prvá súkromná lekáreň v Košiciach

Podrobná bibliografia
Hlavný autor: Podhorská, Kveta (Author)
Médium: Článok
Jazyk:Slovak
Témy:
Zdroj: 1. Lúč 1. Roč. 2, č. 14(1993), dát. 0119, s. 1 a 3
LEADER 00795nab#a2200313#ar4500
001 000016640
003 SVKKK
005 00000000000000.0
008 c xo e sloo
FMT
038 |a SVKKK 
040 |a SVKKK  |b slo  |e AACR2 
041 0 |a slo 
044 |a xo  |c SK 
080 |a 615.  |2 1981 
090 |a [KŠK K] 
100 1 |a Podhorská, Kveta  |4 aut 
245 1 0 |a V Arnike majú všetko :  |b Prvá súkromná lekáreň v Košiciach  |c Podhorská Kveta, 
300 |b Obr. 1 
650 0 4 |a Arnika (lekáreň súkromná), Košice  |x činnosť  |x reportáže 
773 0 |t Lúč  |g Roč. 2, č. 14(1993), dát. 0119, s. 1 a 3 
957 |a Košice 
958 |a KE 
958 |a RE 
974 |d 980206  |a Čr 
992 |a RBX 
BAS
852 |a SVKKK  |b BIB 
998 |a REG